ბათუმის შოთა რუსთაველის სახელმწიფო უნივერსიტეტის ბიბლიოთეკა

გამდიდრებისათვის ქართულისა ჩემისა / (ბიბ.ჩანაწერი № 52532)

000 -ლიდერი
ფიქსირებული სიგრძის საკონტროლო ველი 01639nam a2200289Ia 4500
001 - საკონტროლო ნომერი
საკონტროლო ველი 19556
003 - საკონტროლო ნომრის იდენტიფიკატორი
საკონტროლო ველი GE_BSU
005 - ბოლო ოპერაციის თარიღი და დრო
საკონტროლო ველი 20230529165845.0
008 - ფიქსირებული სიგრძის მონაცემთა ელემენტები - ზოგადი ინფორმაცია
ფიქსირებული სიგრძის საკონტროლო ველი 181216s1999||||ge |||||||||||||| ||geo||
040 ## - კატალოგიზაციის წყარო
Transcribing agency GE_BSU
041 ## - ენის კოდი
Language code of text/sound track or separate title geo
080 ## - უნივერსალური ათობითი კლასიფიკაციის ინდექსი
Universal Decimal Classification number 81(479.22)(092) ლ-81
100 ## - მთავარი ჩანაწერი - პიროვნების სახელი
Personal name ლომთათიძე, გიორგი
9 (RLIN) 7691
245 ## - ცნობა სათაურის შესახებ
Title გამდიდრებისათვის ქართულისა ჩემისა /
Statement of responsibility, etc გიორგი ლომთათიძე; შემდგ. გურამ ბედოშვილი; რედ. გუჩა კვარაცხელია, ოთარ ლორთქიფანიძე.
264 ## - წარმოების, გამოცემის, დისტრიბუციის და სხვა ცნობები
გამოცემის, წარმოების, დისტრიბუციის... ადგილი თბილისი :
გამოცემის, წარმოების, დისტრიბუციის... სახელწოდება ქართული ენა,
გამოცემის, წარმოების, დისტრიბუციის... თარიღი 1999.
300 ## - ფიზიკური აღწერა
Extent 140 გვ. ;
Dimensions 20 სმ.
500 ## - ზოგადი შენიშვნა
General note კანზე: გიორგი ლომთათიძე 85
520 ## - SUMMARY, ETC.
Summary, etc რეზიუმე ინგლისურ ენაზე
653 ## - INDEX TERM--UNCONTROLLED
Uncontrolled term ქართველი ენათმეცნიერები
653 ## - INDEX TERM--UNCONTROLLED
Uncontrolled term ლომთათიძე, გიორგი
700 ## - ADDED ENTRY--PERSONAL NAME
Personal name ბედოშვილი, გურამ
Relator term შემდგენელი
9 (RLIN) 7692
700 ## - ADDED ENTRY--PERSONAL NAME
Personal name კვარაცხელია, გუჩა
Relator term რედაქტორი
9 (RLIN) 1200
700 ## - ADDED ENTRY--PERSONAL NAME
Personal name ლორთქიფანიძე, ოთარ
Relator term რედაქტორი
9 (RLIN) 1433
710 ## - ADDED ENTRY--CORPORATE NAME
Corporate name or jurisdiction name as entry element საქ. მეცნ. აკადემია
9 (RLIN) 4066
Subordinate unit ენათმეცნ. ინ-ტი, არქეოლოგიური კვლევის ცენტრი.
942 ## - ADDED ENTRY ELEMENTS (KOHA)
Koha item type წიგნი
Source of classification or shelving scheme
ეგზემპლარები
ჩამოწერის სტატუსი დაკარგული ეგზემპლარის სტატუსი კლასიფიკაციის წყარო ან თაროზე გაწყობის სქემა დაზიანების სტატუსი არ გაიცემა მუდმივი მდებარეობა (დაცვის ადგილი) ამჟამინდელი ადგილსამყოფელი თაროზე განთავსების ადგილი შეძენის თარიღი ღირებულება, შესყიდვის ნორმალური ფასი სრული შენახვის შიფრი შტრიხკოდი ბოლო ოპერაციის თარიღი ეგზემპლარის მიმდევრობითი ნომერი (კეტერი?) ფასის ძალაში შესვლის თარიღი ეგზემპლარის სახეობა საჯარო შენიშვნა Uniform Resource Identifier
          ბათუმის შოთა რუსთაველის სახელმწიფო უნივერსიტეტის მთავარი ბიბლიოთეკა ბათუმის შოთა რუსთაველის სახელმწიფო უნივერსიტეტის მთავარი ბიბლიოთეკა წიგნსაცავი 2018-12-17 4.00 81(479.22)(092) ლ-81 51671 2018-12-17 51671 2018-12-17 წიგნი 4.00 ლ.  
          ბათუმის შოთა რუსთაველის სახელმწიფო უნივერსიტეტის მთავარი ბიბლიოთეკა ბათუმის შოთა რუსთაველის სახელმწიფო უნივერსიტეტის მთავარი ბიბლიოთეკა წიგნსაცავი 2023-05-29 4.00 81(479.22)(092) ლ-81 64512 2023-05-29 64512 2023-05-29 წიგნი 4 ლ. ბსუ-ს საპატიო დოქტორის გურამ ლორთქიფანიძის საჩუქარი